[Event "Landesklasse Ost 2014/2015"]
[Site "?"]
[Date "2014.09.07"]
[Round "1"]
[White "Sunderbrink, Heino"]
[Black "Buring, Matthias"]
[Result "1/2-1/2"]
[WhiteElo "1969"]
[BlackElo "2046"]
[PlyCount "79"]
[EventDate "2014.??.??"]
[WhiteTeam "SV Medizin Erfurt"]
[BlackTeam "SG Arnstadt-Stadtilm"]

1. Nf3 Nf6 2. c4 e6 3. g3 b6 4. Bg2 Bb7 5. O-O Be7 6. b3 O-O 7. Bb2 d6 8. d3
Nbd7 9. Nc3 d5 10. e3 c5 11. Qe2 Rc8 12. Rfd1 Qc7 13. Rac1 Qb8 14. d4 dxc4 15.
bxc4 Qa8 16. Ne1 Bxg2 17. Nxg2 Rfd8 18. d5 exd5 19. cxd5 Nf8 20. e4 Ng6 21. Ne3
Ne8 22. f4 f6 23. h4 Qb8 24. Rf1 Nh8 25. Nf5 Bf8 26. Rcd1 Nf7 27. a4 Ned6 28.
Nxd6 Bxd6 29. Nb5 Re8 30. Qc4 a6 31. Nc3 Qb7 32. Ba1 Rb8 33. Rb1 Qc8 34. Kg2
Re7 35. Rbe1 Qb7 36. Rb1 Qc8 37. Rfe1 Qg4 38. Rf1 g5 39. hxg5 Nxg5 40. Qd3
1/2-1/2

[Event "Landesklasse Ost 2014/2015"]
[Site "?"]
[Date "2014.09.07"]
[Round "1"]
[White "Sauer, Marko"]
[Black "Zeuner, Ulrich"]
[Result "0-1"]
[WhiteElo "2016"]
[BlackElo "1964"]
[PlyCount "104"]
[EventDate "2014.??.??"]
[WhiteTeam "SG Arnstadt-Stadtilm"]
[BlackTeam "SV Medizin Erfurt"]

1. e4 e5 2. Nf3 Nc6 3. Bc4 Nf6 4. d4 exd4 5. e5 d5 6. Bb5 Ne4 7. Nxd4 Bc5 8.
Be3 Bd7 9. Nxc6 bxc6 10. Bxc5 Nxc5 11. Bd3 O-O 12. O-O f6 13. exf6 Qxf6 14. Nc3
Rab8 15. Rb1 Rb4 16. Be2 Rd4 17. Qc1 Rf4 18. Qd2 Be6 19. b4 Nd7 20. Ba6 Ne5 21.
f3 Qg6 22. Kh1 Rh4 23. Rbe1 Qg3 24. h3 Bxh3 25. Kg1 Bd7 26. Rxe5 Qxe5 27. Ne2
Qh2+ 28. Kf2 Rh6 29. Ke1 Re6 30. Qg5 h6 31. Qd2 Qxg2 32. Rf2 Qh1+ 33. Rf1 Qh4+
34. Kd1 Ref6 35. Nd4 Rf4 36. c3 Qg3 37. Be2 Bh3 38. Re1 R4f6 39. Qe3 Bd7 40.
Qe7 R6f7 41. Qc5 Qg6 42. Kc1 Re8 43. Kb2 Qg3 44. Rc1 Rfe7 45. Bd3 Re3 46. Bf5
Bxf5 47. Nxf5 Re2+ 48. Kb3 Qg2 49. Qxc6 Rb2+ 50. Ka4 Rxa2+ 51. Kb5 Qe2+ 52. Kc5
Qc4# 0-1

[Event "Landesklasse Ost 2014/2015"]
[Site "?"]
[Date "2014.09.07"]
[Round "1"]
[White "Wohlleben, Manfred"]
[Black "Hattendorf, Jens"]
[Result "1/2-1/2"]
[WhiteElo "1627"]
[BlackElo "1896"]
[PlyCount "45"]
[EventDate "2014.??.??"]
[WhiteTeam "SV Medizin Erfurt"]
[BlackTeam "SG Arnstadt-Stadtilm"]

1. c4 e5 2. Nc3 Nf6 3. d3 d5 4. cxd5 Nxd5 5. Nf3 Nc6 6. Bd2 Be7 7. g3 Be6 8.
Bg2 Nb6 9. O-O f5 10. Qc1 h6 11. Rd1 g5 12. Ne1 Qd7 13. e3 h5 14. Ne2 h4 15. d4
hxg3 16. hxg3 Bd5 17. e4 Bxe4 18. f3 Bd5 19. Bxg5 O-O-O 20. dxe5 Rdg8 21. Bf4
Qe6 22. b3 Nd7 23. Nc3 1/2-1/2

[Event "Landesklasse Ost 2014/2015"]
[Site "?"]
[Date "2014.09.07"]
[Round "1"]
[White "Jank, Kevin"]
[Black "Rost, Detlef"]
[Result "0-1"]
[WhiteElo "1732"]
[BlackElo "1856"]
[PlyCount "58"]
[EventDate "2014.??.??"]
[WhiteTeam "SG Arnstadt-Stadtilm"]
[BlackTeam "SV Medizin Erfurt"]

1. e4 c5 2. Nf3 Nc6 3. d4 cxd4 4. Nxd4 Nf6 5. Nc3 e5 6. Ndb5 d6 7. a4 Be6 8.
Bg5 a6 9. Bxf6 gxf6 10. Na3 Bg7 11. Bc4 O-O 12. O-O Rc8 13. Nd5 Ne7 14. c3 f5
15. Nxe7+ Qxe7 16. Bxe6 fxe6 17. exf5 Rxf5 18. Nc2 d5 19. Ne3 Rf4 20. g3 Rff8
21. Qb3 Kh8 22. Rad1 Rf3 23. Qb6 d4 24. Kg2 Rff8 25. Nc2 Qf7 26. f3 dxc3 27.
bxc3 Rxc3 28. Qf2 Qc7 29. Rd2 Qc6 0-1

[Event "Landesklasse Ost 2014/2015"]
[Site "?"]
[Date "2014.09.07"]
[Round "1"]
[White "Tangermann, Wilfried"]
[Black "Widmann, Benjamin"]
[Result "1/2-1/2"]
[WhiteElo "1550"]
[BlackElo "1832"]
[PlyCount "48"]
[EventDate "2014.??.??"]
[WhiteTeam "SV Medizin Erfurt"]
[BlackTeam "SG Arnstadt-Stadtilm"]

1. e4 c5 2. Nf3 Nc6 3. d4 cxd4 4. Nxd4 g6 5. Be3 Nf6 6. Nc3 Bg7 7. f3 O-O 8.
Qd2 d5 9. exd5 Nxd5 10. Nxc6 bxc6 11. Bd4 Nxc3 12. Bxg7 Qxd2+ 13. Kxd2 Ne4+ 14.
fxe4 Kxg7 15. Bc4 Bg4 16. h3 Rad8+ 17. Ke3 Bc8 18. Rad1 Bb7 19. Rd3 Rxd3+ 20.
cxd3 f5 21. Rf1 e5 22. g3 Bc8 23. h4 Kh6 24. Bb3 Kh5 1/2-1/2

[Event "Landesklasse Ost 2014/2015"]
[Site "?"]
[Date "2014.09.07"]
[Round "1"]
[White "Schumacher, Andreas"]
[Black "Willert, Hans-Jürgen"]
[Result "1/2-1/2"]
[WhiteElo "1722"]
[BlackElo "1451"]
[PlyCount "39"]
[EventDate "2014.??.??"]
[WhiteTeam "SG Arnstadt-Stadtilm"]
[BlackTeam "SV Medizin Erfurt"]

1. c4 c6 2. Nc3 Nf6 3. Nf3 d5 4. cxd5 cxd5 5. d4 Nc6 6. e3 e6 7. a3 a6 8. Bd3
g6 9. O-O Bg7 10. b4 O-O 11. Na4 Nd7 12. Bb2 b5 13. Qc2 Nxd4 14. Nxd4 bxa4 15.
Qxa4 Bb7 16. Rab1 Ne5 17. Be2 Nc4 18. Bxc4 dxc4 19. Qc2 Rc8 20. Ne2 1/2-1/2

[Event "Landesklasse Ost 2014/2015"]
[Site "?"]
[Date "2014.09.07"]
[Round "1"]
[White "Stumm, Rainer"]
[Black "Schätz, Bianca"]
[Result "0-1"]
[WhiteElo "1584"]
[BlackElo "1826"]
[PlyCount "48"]
[EventDate "2014.??.??"]
[WhiteTeam "SV Medizin Erfurt"]
[BlackTeam "SG Arnstadt-Stadtilm"]

1. d4 d5 2. c4 e6 3. Nc3 Nf6 4. Bg5 Be7 5. e3 Nbd7 6. Nf3 c6 7. Bd3 dxc4 8.
Bxc4 b5 9. Bd3 Bb7 10. Rc1 Rc8 11. O-O O-O 12. Re1 a6 13. h3 h6 14. Bf4 c5 15.
a3 cxd4 16. exd4 Nb6 17. Ne4 Nxe4 18. Bxe4 Bxe4 19. Rxe4 Nc4 20. Rc2 Qd5 21.
Ree2 Bf6 22. Be5 Nxe5 23. Nxe5 Rxc2 24. Rxc2 Bxe5 0-1

[Event "Landesklasse Ost 2014/2015"]
[Site "?"]
[Date "2014.09.07"]
[Round "1"]
[White "Vogel, Steffen"]
[Black "Philipp, Michael"]
[Result "1/2-1/2"]
[WhiteElo "1779"]
[BlackElo "2012"]
[PlyCount "23"]
[EventDate "2014.??.??"]
[WhiteTeam "SSV Vimaria 91 Weimar"]
[BlackTeam "SSV Vimaria 91 Weimar"]

1. d4 c5 2. d5 d6 3. c4 g6 4. e4 Bg7 5. Bd3 e6 6. Ne2 Ne7 7. O-O O-O 8. Nd2 e5
9. Rb1 f5 10. f4 Nd7 11. b3 exf4 12. Nxf4 1/2-1/2

[Event "Landesklasse Ost 2014/2015"]
[Site "?"]
[Date "2014.09.07"]
[Round "1"]
[White "Scheitz, Michael"]
[Black "Reichardt, Albert"]
[Result "1/2-1/2"]
[WhiteElo "1915"]
[BlackElo "1720"]
[PlyCount "27"]
[EventDate "2014.??.??"]
[WhiteTeam "SSV Vimaria 91 Weimar"]
[BlackTeam "SSV Vimaria 91 Weimar"]

1. d4 Nf6 2. Nf3 g6 3. g3 Bg7 4. Bg2 d6 5. c4 O-O 6. O-O Nbd7 7. Nc3 c5 8. d5
a6 9. Qb3 Rb8 10. a4 Ng4 11. h3 Nge5 12. Nd2 f5 13. f4 Nf7 14. a5 1/2-1/2

[Event "Landesklasse Ost 2014/2015"]
[Site "?"]
[Date "2014.09.07"]
[Round "1"]
[White "Mitter, Frank"]
[Black "Gräf, Michael"]
[Result "1/2-1/2"]
[WhiteElo "1758"]
[BlackElo "1859"]
[PlyCount "24"]
[EventDate "2014.??.??"]
[WhiteTeam "SSV Vimaria 91 Weimar"]
[BlackTeam "SSV Vimaria 91 Weimar"]

1. d4 Nf6 2. c4 e6 3. Nc3 Bb4 4. e3 O-O 5. Nf3 b6 6. Bd3 Bb7 7. O-O d5 8. cxd5
exd5 9. a3 Bd6 10. Nb5 Ne4 11. Nxd6 Qxd6 12. Bd2 Re8 1/2-1/2

[Event "Landesklasse Ost 2014/2015"]
[Site "?"]
[Date "2014.09.07"]
[Round "1"]
[White "Weiß, Thomas"]
[Black "Petigk, Falk"]
[Result "1/2-1/2"]
[WhiteElo "1893"]
[BlackElo "1697"]
[PlyCount "23"]
[EventDate "2014.??.??"]
[WhiteTeam "SSV Vimaria 91 Weimar"]
[BlackTeam "SSV Vimaria 91 Weimar"]

1. e4 e5 2. Nf3 Nc6 3. Bb5 a6 4. Ba4 Nf6 5. O-O b5 6. Bb3 Be7 7. Re1 O-O 8. c3
d6 9. h3 Na5 10. Bc2 c5 11. d4 Qc7 12. Nbd2 1/2-1/2

[Event "Landesklasse Ost 2014/2015"]
[Site "?"]
[Date "2014.09.07"]
[Round "1"]
[White "Kottwitz, Daniel"]
[Black "Zahn, Alina"]
[Result "1/2-1/2"]
[WhiteElo "1894"]
[BlackElo "1988"]
[PlyCount "49"]
[EventDate "2014.??.??"]

1. d4 d5 2. c4 e6 3. Nc3 Nf6 4. cxd5 exd5 5. Bg5 Nbd7 6. e3 Be7 7. Bd3 O-O 8.
Qc2 c6 9. Nf3 Re8 10. O-O Nf8 11. Bxf6 Bxf6 12. b4 a6 13. a4 Ng6 14. b5 a5 15.
bxc6 bxc6 16. Rab1 Bg4 17. Nd2 Be7 18. Ne2 Bb4 19. Nb3 Rc8 20. Ng3 Qg5 21. Bf5
Bxf5 22. Qxf5 Qxf5 23. Nxf5 Ne7 24. Nxe7+ Rxe7 25. Rfc1 1/2-1/2

[Event "Landesklasse Ost 2014/2015"]
[Site "?"]
[Date "2014.09.07"]
[Round "1"]
[White "Taudte, Stefan"]
[Black "Janisch, Manfred"]
[Result "1-0"]
[WhiteElo "1977"]
[BlackElo "1744"]
[PlyCount "55"]
[EventDate "2014.??.??"]

1. d4 d5 2. c4 c6 3. cxd5 cxd5 4. Nc3 Bf5 5. Qb3 Nc6 6. e3 Qd7 7. Qxd5 Qxd5 8.
Nxd5 O-O-O 9. Nc3 Nb4 10. e4 Bxe4 11. Nxe4 Nc2+ 12. Kd1 Nxa1 13. Be3 f5 14. Nd2
Nf6 15. Bd3 g6 16. Ngf3 Nd5 17. g3 Bg7 18. Ke2 Nb4 19. Rxa1 Nxd3 20. Kxd3 e5
21. Kc3 Rhf8 22. Nxe5 Bxe5 23. dxe5 Rd5 24. Bd4 Rfd8 25. Nb3 a5 26. a4 Kc7 27.
Re1 b5 28. axb5 1-0

[Event "Landesklasse Ost 2014/2015"]
[Site "?"]
[Date "2014.09.07"]
[Round "1"]
[White "Watzke, Birger"]
[Black "Weishäutel, Moritz"]
[Result "0-1"]
[WhiteElo "2153"]
[BlackElo "1791"]
[PlyCount "52"]
[EventDate "2014.??.??"]

1. c4 e6 2. Nf3 d5 3. b3 Nf6 4. g3 Be7 5. Bg2 O-O 6. O-O c5 7. cxd5 Nxd5 8. Bb2
Bf6 9. Bxf6 Qxf6 10. Na3 Rd8 11. Qc2 b6 12. Nc4 Nc6 13. Rfc1 e5 14. a3 Bg4 15.
Qe4 Bf5 16. Qh4 e4 17. Qxf6 Nxf6 18. Nce5 Na5 19. Ng5 Nxb3 20. g4 Bg6 21. f4
Nxa1 22. Rxa1 h6 23. Nxg6 hxg5 24. fxg5 fxg6 25. gxf6 Rxd2 26. Bxe4 Re8 {ZÜ}
0-1

[Event "Landesklasse Ost 2014/2015"]
[Site "?"]
[Date "2014.09.07"]
[Round "1"]
[White "Schmuck, Helmut"]
[Black "Streit, Michael"]
[Result "1-0"]
[WhiteElo "1951"]
[BlackElo "1924"]
[PlyCount "71"]
[EventDate "2014.??.??"]

1. d4 Nf6 2. c4 e6 3. Nc3 Bb4 4. e3 O-O 5. Bd3 Bxc3+ 6. bxc3 c5 7. Ne2 d5 8.
O-O Nc6 9. Ba3 Nd7 10. cxd5 exd5 11. Nf4 Qg5 12. Qf3 Ne7 13. dxc5 Ne5 14. Qg3
Qxg3 15. hxg3 Nxd3 16. Nxd3 Bf5 17. Rfd1 Rfd8 18. Rab1 Rd7 19. Rb2 g5 20. Rbd2
Rc7 21. Nb4 Be6 22. Nc2 f6 23. Nd4 Bd7 24. Rb1 a6 25. Rdb2 Ra7 26. c6 Bxc6 27.
Bc5 Ra8 28. Nxc6 bxc6 29. Rb7 Rxb7 30. Rxb7 Ng6 31. f4 h5 32. Bd4 Rf8 33. fxg5
Ne5 34. gxf6 Ng4 35. Rg7+ Kh8 36. f7 1-0

[Event "Landesklasse Ost 2014/2015"]
[Site "?"]
[Date "2014.09.07"]
[Round "1"]
[White "Schaudin, Andreas"]
[Black "Michalowski, Peter"]
[Result "0-1"]
[WhiteElo "1680"]
[BlackElo "2000"]
[PlyCount "112"]
[EventDate "2014.??.??"]

1. Nf3 Nf6 2. b3 d5 3. Bb2 c5 4. d3 Nc6 5. g3 Qc7 6. Bg2 e5 7. Nbd2 Be7 8. e4
d4 9. a4 O-O 10. O-O a6 11. Nc4 b6 12. Bc1 Rb8 13. Bd2 b5 14. axb5 axb5 15. Nb2
Ne8 16. Qe2 Nd6 17. Ne1 Be6 18. f4 f6 19. f5 Bf7 20. Qg4 Rfc8 21. Qh4 c4 22.
bxc4 bxc4 23. Bc1 Na5 24. g4 cxd3 25. Nbxd3 h6 26. Qg3 Nac4 27. h4 Kf8 28. g5
hxg5 29. hxg5 Nb5 30. Qh4 Ne3 31. Qh8+ Bg8 32. Bxe3 dxe3 33. Ra6 Nd4 34. gxf6
gxf6 35. Bf3 Bd8 36. c3 Nb5 37. Ng2 Qg7 38. Qxg7+ Kxg7 39. Nxe3 Bb6 40. Kf2
Rxc3 41. Ke2 Bxe3 42. Kxe3 Bc4 43. Rg1+ Kf8 44. Be2 Rd8 45. Rxf6+ Ke7 46. Rh6
Rcxd3+ 47. Bxd3 Rxd3+ 48. Kf2 Rd2+ 49. Kg3 Nc3 50. Kh3 Nxe4 51. Rg7+ Kf8 52.
Rc7 Bf1+ 53. Kg4 Rg2+ 54. Kf3 Ng5+ 55. Ke3 Re2+ 56. Kd3 Rh2+ 0-1

[Event "Landesklasse Ost 2014/2015"]
[Site "?"]
[Date "2014.09.07"]
[Round "1"]
[White "Heinke, Jasper"]
[Black "Streit, Jürgen"]
[Result "0-1"]
[WhiteElo "1691"]
[BlackElo "1742"]
[PlyCount "82"]
[EventDate "2014.??.??"]

1. d4 d5 2. c4 Bf5 3. cxd5 Bxb1 4. Qa4+ c6 5. Rxb1 Qxd5 6. Nf3 Nd7 7. e3 e6 8.
Bd3 Ngf6 9. O-O Nb6 10. Qc2 Be7 11. b4 h6 12. b5 O-O 13. e4 Qd7 14. bxc6 bxc6
15. a4 Qc8 16. Bf4 Nh5 17. Be3 Nd7 18. Qd2 Rb8 19. Qa5 Nhf6 20. Bf4 Bd8 21. Qd2
Rxb1 22. Rxb1 Nh5 23. Bd6 Re8 24. e5 g5 25. Qe2 Nf4 26. Qe4 Nxd3 27. Qxd3 Bc7
28. Ba3 Nb6 29. Nd2 Qd7 30. Qe3 Nd5 31. Qd3 Nf4 32. Qe3 Qxd4 33. Qxd4 Ne2+ 34.
Kf1 Nxd4 35. Rb7 Bxe5 36. Rxa7 Rb8 37. a5 Nb5 38. Rd7 Nxa3 39. a6 Ra8 40. a7
Nb5 41. Nc4 Bf6 0-1

[Event "Landesklasse Ost 2014/2015"]
[Site "?"]
[Date "2014.09.07"]
[Round "1"]
[White "Gölles, Michael"]
[Black "Thiemann, Jürgen"]
[Result "0-1"]
[WhiteElo "1549"]
[BlackElo "1677"]
[PlyCount "74"]
[EventDate "2014.??.??"]

1. d4 d5 2. c4 e6 3. Nc3 Nf6 4. Nf3 Nbd7 5. e3 Be7 6. Qb3 dxc4 7. Bxc4 Nb6 8.
Be2 c6 9. e4 O-O 10. e5 Nfd7 11. Ne4 c5 12. Be3 cxd4 13. Bxd4 Nd5 14. O-O N7b6
15. a4 Nf4 16. Bd1 Qd5 17. Qe3 Ng6 18. Bb3 Qa5 19. Bc3 Bb4 20. Bxb4 Qxb4 21. g3
Qa5 22. Nd6 Rb8 23. Rfc1 h6 24. Rc5 Qb4 25. Rb5 Qg4 26. Kg2 Bd7 27. Rc5 Bc6 28.
h3 Nh4+ 29. Kh2 Nxf3+ 30. Kg2 Ng5+ 31. Kf1 Qxh3+ 32. Ke2 Bf3+ 33. Kd2 Rfd8 34.
Kc2 Qg4 35. a5 Nd5 36. Qd2 Ne4 37. Qe1 Nxc5 0-1

[Event "Landesklasse Ost 2014/2015"]
[Site "?"]
[Date "2014.09.07"]
[Round "1"]
[White "Berkov, Mikhail"]
[Black "Sack, Matthias"]
[Result "0-1"]
[WhiteElo "1832"]
[BlackElo "1948"]
[PlyCount "98"]
[EventDate "2014.??.??"]

1. e4 c5 2. c3 d5 3. exd5 Qxd5 4. d4 Nc6 5. Nf3 Bg4 6. Be2 Nf6 7. Be3 e6 8. O-O
cxd4 9. cxd4 Be7 10. Nc3 Qd6 11. Qb3 O-O 12. Rfd1 Qb4 13. Qc2 Bf5 14. Bd3 Bxd3
15. Rxd3 Qa5 16. Rdd1 Nb4 17. Qd2 Qh5 18. Ne2 Ne4 19. Qc1 Rac8 20. Qb1 Qf5 21.
Nc3 Nxc3 22. bxc3 Nc2 23. Qxb7 Nxa1 24. Qxe7 Nc2 25. Bd2 Qa5 26. Qh4 Qf5 27.
Qe7 Rb8 28. Ne5 Nxd4 29. cxd4 Qc2 30. Rf1 Qxd2 31. Qxa7 Ra8 32. Qc5 Qxa2 33.
Nd7 Rfd8 34. Nb6 Rab8 35. Qc7 Qa5 36. Rb1 h6 37. Qc5 Qxc5 38. dxc5 Rdc8 39. Rb5
Rc6 40. Kf1 f6 41. Ke2 Rd8 42. Ke3 Rd1 43. Na4 Kf8 44. Rb6 Rxb6 45. cxb6 Ke7
46. b7 Rb1 47. Nc5 Rb4 48. Kd3 Kd6 49. Ne4+ Kc6 0-1

[Event "Landesklasse Ost 2014/2015"]
[Site "?"]
[Date "2014.09.07"]
[Round "1"]
[White "Hadlich, Gerald"]
[Black "Neubauer, Ralf"]
[Result "1/2-1/2"]
[WhiteElo "1796"]
[BlackElo "1901"]
[PlyCount "115"]
[EventDate "2014.??.??"]

1. e4 c5 2. c3 Nf6 3. e5 Nd5 4. Nf3 Nc6 5. Bc4 Nb6 6. Bb3 c4 7. Bc2 g6 8. d4
cxd3 9. Bxd3 Bg7 10. Qe2 O-O 11. O-O d5 12. exd6 Qxd6 13. h3 Re8 14. Nbd2 e5
15. Nc4 Nxc4 16. Bxc4 Be6 17. Ng5 Bxc4 18. Qxc4 Qc7 19. Be3 h6 20. Ne4 Rad8 21.
Rfd1 a6 22. a4 Re7 23. Qe2 Ree8 24. Rxd8 Rxd8 25. Rd1 Kh7 26. Rxd8 Nxd8 27. Qd1
f5 28. Qd6 Qxd6 29. Nxd6 Bf8 30. Nc4 Nc6 31. Bb6 Kg7 32. b4 Kf6 33. b5 axb5 34.
axb5 Nb8 35. Na5 Nd7 36. Bd8+ Ke6 37. Nxb7 Kd5 38. Na5 Bc5 39. c4+ Kd4 40. Kf1
Bb6 41. Bxb6+ Nxb6 42. Nc6+ Kxc4 43. Nxe5+ Kxb5 44. Nxg6 Kc5 45. Ke2 Kd5 46.
Kf3 Ke6 47. h4 Kf6 48. Nf4 Ke5 49. g3 Kf6 50. Ke3 Ke5 51. Nd3+ Kf6 52. Kd4 Nd7
53. Kd5 Nb6+ 54. Kc5 Na4+ 55. Kd4 Nb6 56. Nf4 Nc8 57. Nd5+ Ke6 58. Nf4+ 1/2-1/2

[Event "Landesklasse Ost 2014/2015"]
[Site "?"]
[Date "2014.09.07"]
[Round "1"]
[White "Seifert, Michael"]
[Black "Bülau, Daniel"]
[Result "1-0"]
[WhiteElo "1801"]
[BlackElo "1571"]
[PlyCount "71"]
[EventDate "2014.??.??"]

1. Nf3 d5 2. g3 Nf6 3. Bg2 e6 4. O-O Be7 5. d3 O-O 6. Nbd2 c5 7. e4 Nc6 8. Qe2
Qc7 9. e5 Nd7 10. Re1 b6 11. Nf1 Bb7 12. Bf4 Rfd8 13. h4 Nf8 14. h5 h6 15. N1h2
Rac8 16. c3 d4 17. c4 Nh7 18. Qd2 Rd7 19. g4 Qd8 20. Nf1 Ng5 21. Ng3 Nb4 22.
Nh2 Bxg2 23. Kxg2 Rcc7 24. a3 Nc6 25. Ne4 Nxe4 26. Rxe4 Rc8 27. Nf3 Rb8 28. g5
hxg5 29. Nxg5 Bxg5 30. Bxg5 Qc7 31. Qf4 Nxe5 32. Rxe5 f6 33. Bxf6 gxf6 34. Qxf6
Rf8 35. Qxe6+ Kh8 36. Qh6+ {ZÜ} 1-0

[Event "Landesklasse Ost 2014/2015"]
[Site "?"]
[Date "2014.09.07"]
[Round "1"]
[White "Pietzsch, Gerhard"]
[Black "Bunke, Wilfried"]
[Result "1/2-1/2"]
[WhiteElo "1821"]
[BlackElo "1890"]
[PlyCount "81"]
[EventDate "2014.??.??"]

1. e4 e6 2. d4 d5 3. Nc3 dxe4 4. Nxe4 Nd7 5. Nf3 Ngf6 6. Bd3 Nxe4 7. Bxe4 Nf6
8. Bd3 c5 9. O-O cxd4 10. Nxd4 Be7 11. Nf3 O-O 12. Qe2 Qa5 13. Bg5 h6 14. Bh4
Rd8 15. a3 Qh5 16. Rad1 Bd7 17. Bg3 Bc6 18. Ne5 Qxe2 19. Bxe2 Be4 20. Bd3 Bxd3
21. Nxd3 Rac8 22. c3 Nd5 23. Be5 a6 24. Bd4 f6 25. f4 Bd6 26. Rde1 Re8 27. g3
Kf7 28. Ne5+ Bxe5 29. fxe5 f5 30. Rc1 b5 31. Rf2 g5 32. Rfc2 Re7 33. Kg2 Rec7
34. Kf3 Kg6 35. h3 h5 36. b3 g4+ 37. hxg4 hxg4+ 38. Kg2 Rh7 39. c4 bxc4 40.
bxc4 Rhc7 41. c5 1/2-1/2

[Event "Landesklasse Ost 2014/2015"]
[Site "?"]
[Date "2014.09.07"]
[Round "1"]
[White "Jordan, Gunter"]
[Black "Schulz, Phillip"]
[Result "1-0"]
[WhiteElo "1875"]
[BlackElo "1559"]
[PlyCount "83"]
[EventDate "2014.??.??"]

1. d4 c5 2. c3 e6 3. Nf3 d5 4. g3 Nf6 5. Bg2 Be7 6. O-O O-O 7. Nbd2 Nc6 8. Re1
Qb6 9. Qb3 Bd7 10. Qxb6 axb6 11. Nb3 c4 12. Nbd2 b5 13. e4 dxe4 14. Ng5 Nd5 15.
Ngxe4 Na5 16. Nc5 Bxc5 17. dxc5 b4 18. Bxd5 exd5 19. Re7 bxc3 20. Rxd7 cxd2 21.
Bxd2 Nb3 22. Rd1 Rxa2 23. Bc3 Nxc5 24. R7xd5 Nd3 25. Rb5 Rb8 26. Kg2 h6 27. Kf3
Ra6 28. Rd2 Re6 29. Re2 Rxe2 30. Kxe2 f6 31. Bd4 Kf7 32. Kd2 Ke8 33. Kc3 Rc8
34. Rxb7 Kf8 35. b3 Ne5 36. Bxe5 fxe5 37. bxc4 Ra8 38. c5 Ra1 39. Kc4 Rc1+ 40.
Kd5 Rd1+ 41. Ke6 Rd8 42. c6 1-0

[Event "Landesklasse Ost 2014/2015"]
[Site "?"]
[Date "2014.09.07"]
[Round "1"]
[White "Pietsch, Karsten"]
[Black "Schulz, Uwe"]
[Result "0-1"]
[WhiteElo "1730"]
[BlackElo "1773"]
[PlyCount "68"]
[EventDate "2014.??.??"]

1. d4 Nf6 2. c4 g6 3. Nc3 Bg7 4. e4 d6 5. Be2 O-O 6. Bg5 h6 7. Be3 e5 8. d5
Nbd7 9. Qd2 Kh7 10. f3 Ng8 11. O-O-O b6 12. Nh3 Ndf6 13. Nf2 Kh8 14. g4 Nh7 15.
h4 f5 16. gxf5 gxf5 17. exf5 Bxf5 18. Rdg1 Nhf6 19. Bd3 Qd7 20. Rg2 Rf7 21.
Rhg1 Nh5 22. Ng4 Bxd3 23. Qxd3 Qf5 24. Ne4 Nf4 25. Bxf4 Qxf4+ 26. Ne3 Nf6 27.
Ng3 Rg8 28. Kc2 Bf8 29. Nef5 Nd7 30. b4 b5 31. Kc3 bxc4 32. Qe4 Nf6 33. Qxc4
Qxf3+ 34. Kb2 Nxd5 0-1

[Event "Landesklasse Ost 2014/2015"]
[Site "?"]
[Date "2014.09.07"]
[Round "1"]
[White "Bönisch, Julian"]
[Black "Baulig, Manuel"]
[Result "1-0"]
[WhiteElo "1618"]
[BlackElo "1571"]
[PlyCount "72"]
[EventDate "2014.??.??"]

1. Nf3 d5 2. g3 Nf6 3. Bg2 Bf5 4. O-O Qc8 5. d3 Bh3 6. Nbd2 Bxg2 7. Kxg2 Nbd7
8. e4 dxe4 9. dxe4 e6 10. Qe2 Be7 11. c4 e5 12. a3 c5 13. Rd1 Qc6 14. Nh4 g6
15. Kg1 O-O 16. f3 Rfd8 17. Ng2 Nb6 18. Ne3 Bf8 19. b3 Qe6 20. Nd5 Rac8 21. Bb2
Nbd7 22. Nf1 Re8 23. Nfe3 Bg7 24. Rd2 Nb8 25. Nxf6+ Bxf6 26. Rad1 Red8 27. Ng4
Nc6 28. f4 Bg7 29. Rxd8+ Rxd8 30. Rxd8+ Nxd8 31. Bxe5 f6 32. Bc3 Nc6 33. Nf2
Kf7 34. Nd3 b6 35. e5 fxe5 36. Nxe5+ Nxe5 {ZÜ} 1-0

[Event "Landesklasse Ost 2014/2015"]
[Site "?"]
[Date "2014.09.07"]
[Round "1"]
[White "Sperhake, Franz"]
[Black "Flechsig, Bernd"]
[Result "1-0"]
[WhiteElo "1516"]
[BlackElo "1734"]
[PlyCount "81"]
[EventDate "2014.??.??"]

1. d4 b6 2. e4 e6 3. c4 Ne7 4. Nc3 d6 5. Nf3 g6 6. Be2 Bg7 7. O-O Nd7 8. Be3 h6
9. d5 e5 10. Nd2 g5 11. b4 Ng6 12. Nb3 Nf6 13. f3 O-O 14. c5 Ne8 15. cxb6 cxb6
16. Bb5 Bd7 17. Bc6 Rc8 18. b5 Ne7 19. a4 Rb8 20. a5 Nc8 21. axb6 axb6 22. Na2
Bxc6 23. bxc6 Nc7 24. Nb4 Bf6 25. Na6 Nxa6 26. Rxa6 Qc7 27. Qd3 Bd8 28. Rfa1 f6
29. Ra8 Rf7 30. Qa6 Kf8 31. Rxb8 Qxb8 32. Qa8 Qc7 33. Qb7 Kg7 34. Qxc7 Bxc7 35.
Ra8 Ne7 36. Ra7 Nc8 37. Rb7 Kf8 38. Nd2 Ke8 39. Nc4 Kd8 40. Nxb6 Nxb6 41. Bxb6
1-0

[Event "Landesklasse Ost 2014/2015"]
[Site "?"]
[Date "2014.09.07"]
[Round "1"]
[White "Rauhut, Frank"]
[Black "Seidens, Gunter"]
[Result "1/2-1/2"]
[WhiteElo "1842"]
[BlackElo "1934"]
[PlyCount "32"]
[EventDate "2014.??.??"]
[WhiteTeam "SV Jenapharm Jena"]
[BlackTeam "VfL 1990 Gera"]

1. d4 Nf6 2. Nf3 d5 3. c4 e6 4. g3 Be7 5. Bg2 O-O 6. O-O dxc4 7. Qc2 a6 8. Qxc4
b5 9. Qc2 Bb7 10. Bd2 Nc6 11. e3 Ra7 12. Rc1 Qa8 13. Ne1 Nd5 14. Nc3 Ncb4 15.
Qd1 Nxc3 16. Rxc3 Bxg2 1/2-1/2

[Event "Landesklasse Ost 2014/2015"]
[Site "?"]
[Date "2014.09.07"]
[Round "1"]
[White "Welde, Kevin"]
[Black "Skarus, Steffen"]
[Result "1-0"]
[WhiteElo "1912"]
[BlackElo "1841"]
[PlyCount "50"]
[EventDate "2014.??.??"]
[WhiteTeam "VfL 1990 Gera"]
[BlackTeam "SV Jenapharm Jena"]

1. Nf3 g6 2. g3 Bg7 3. d4 c5 4. dxc5 Qa5+ 5. c3 Qxc5 6. Bg2 Nf6 7. O-O O-O 8.
Be3 Qh5 9. Bg5 h6 10. Bxf6 Bxf6 11. Nbd2 Nc6 12. e4 d6 13. Nc4 Qb5 14. Qb3 Qxb3
15. axb3 Be6 16. Nfd2 Ne5 17. Nxe5 Bxe5 18. f4 Bg7 19. f5 gxf5 20. exf5 Bc8 21.
Nc4 a6 22. Nb6 Rb8 23. Ra4 e6 24. f6 Bh8 25. Rg4+ Bg7 1-0

[Event "Landesklasse Ost 2014/2015"]
[Site "?"]
[Date "2014.09.07"]
[Round "1"]
[White "Wagner, Günther"]
[Black "Schönfeld, Volker"]
[Result "0-1"]
[WhiteElo "1790"]
[BlackElo "1844"]
[PlyCount "50"]
[EventDate "2014.??.??"]
[WhiteTeam "SV Jenapharm Jena"]
[BlackTeam "VfL 1990 Gera"]

1. e4 e5 2. d4 exd4 3. Nf3 Nc6 4. Bc4 Bc5 5. O-O d6 6. c3 Bg4 7. Qb3 Bxf3 8.
Bxf7+ Kf8 9. gxf3 Ne5 10. cxd4 Bxd4 11. Bxg8 Rxg8 12. f4 Ng4 13. Qg3 Nf6 14.
Nd2 g5 15. f5 h5 16. Kh1 Qe7 17. Qd3 Bb6 18. f3 g4 19. f4 h4 20. Nc4 g3 21.
hxg3 hxg3 22. Kg2 Rh8 23. Be3 Rh2+ 24. Kf3 Qh7 25. Bxb6 g2 0-1

[Event "Landesklasse Ost 2014/2015"]
[Site "?"]
[Date "2014.09.07"]
[Round "1"]
[White "Huster, Mike"]
[Black "Vater, Rainer"]
[Result "1-0"]
[WhiteElo "1899"]
[BlackElo "1809"]
[PlyCount "83"]
[EventDate "2014.??.??"]
[WhiteTeam "VfL 1990 Gera"]
[BlackTeam "SV Jenapharm Jena"]

1. d4 f5 2. g3 Nf6 3. Bg2 e6 4. c4 Be7 5. Nf3 O-O 6. O-O d6 7. Nc3 Qe8 8. Qc2
Qh5 9. d5 e5 10. Ne1 g5 11. e4 f4 12. f3 fxg3 13. hxg3 a5 14. Be3 b6 15. Nd3
Bh3 16. a3 Bxg2 17. Qxg2 Nbd7 18. b4 Qg6 19. Nb5 Rfc8 20. Nf2 Kg7 21. bxa5 Rxa5
22. Bd2 Ra6 23. Bb4 Nc5 24. Bxc5 bxc5 25. Qh3 Raa8 26. Ra2 h5 27. Qe6 Bf8 28.
Kg2 Re8 29. Qf5 Rec8 30. Nh3 Qxf5 31. exf5 g4 32. Ng5 c6 33. Nc7 Ra4 34. Nce6+
Kg8 35. fxg4 hxg4 36. dxc6 Rxc6 37. Rb1 Ra7 38. Rb8 Nd7 39. Rd8 Rb7 40. Ne4
Rcb6 41. Rxd7 Rb2+ 42. Rxb2 1-0